Datum a čas kvízu
37
Celkem bodů
Celkový počet nahraných bodů na tomto kvízu bez doplňovacích otázek.
3.
Pořadí na kvízu
Konečné umístění týmu na tomto kvízu.
Zaznamenané odpovědi
| # | Otázka | Odpověď | Body | Výsledky |
|---|---|---|---|---|
| 1. | Frankenstein nebo Babica, tak... | Bruntálu | 1 | |
| 2. | V Severní Koreji zavedli nový... | ruský jazyk | 1 | |
| 3. | Agentura AP minulý týden zveře... | rapu | 1 | |
| 4. | Minulý týden jsme se dozvěděli... | Five Guys | 1 | |
| 5. | Za který tým hrál minulý týden... | Arsenal | 0 | |
| 6. | Seřaďte tyto ostrovy dle rozlo... | 1C 2A 3D 4B | 0 | |
| 7. | Nyní přiřaďte ostrovy ke států... | 1D 2B 3C 4A | 1 | |
| 8. | Kterému ostrovnímu středomořsk... | Kypr | 0 | |
| 9. | Nyní si odskočíme ke kinematog... | Řek Zorba, Anthony Quinn | 0.5 | |
| 10. | Ke kterému středomořskému ostr... | Elba | 0 |